000 00768nam a22002055i 4500
001 157380
003 ES-MaACL
005 20250830111650.0
008 991115s1892 fr |||| | fre d
040 _aM-RAJU
_bspa
_cM-RAJU
_dCCPB | B
100 1 _aLe Roy, Albert.
_970926
245 1 3 _aLe gallicanisme au XVIIIe siècle
_b: la France et Rome de 1700 a 1715 /
_cpar Albert Le Roy.
260 _aParis :
_bPerrin et Cie.,
_c1892.
300 _aXXIII, 794 p. ;
_c22 cm.
505 8 _aContiene: Histoire diplomatique de la "Bulle Unigenitus" jusqu'a la mort de Louis XIV, d'après des documents inédits
610 2 7 _aIglesia Católica-
_zFrancia
_2
_9159716
752 _aFrancia -
_dParís
852 _aES-MaACL
_jG-4205
_z-- Rúst.
999 _c157380
_d157380